[Event "77th Tata Steel GpA"]
[Site "Wijk aan Zee NED"]
[Date "2015.01.25"]
[Round "13"]
[White "Jobava, Ba"]
[Black "Radjabov, T."]
[Result "1-0"]
[WhiteElo "2727"]
[BlackElo "2734"]
[PlyCount "119"]
[EventDate "2015.01.09"]

1. d4 Nf6 2. c4 g6 3. Nc3 Bg7 4. e4 d6 5. Be2 O-O 6. h4 c5 7. d5 b5 8. cxb5 a6
9. bxa6 Qa5 10. Bd2 Bxa6 11. h5 Nbd7 12. hxg6 hxg6 13. Bxa6 Qxa6 14. Nge2 Rfb8
15. Rb1 Rb4 16. a3 Rb7 17. O-O Rab8 18. Qc2 Ne5 {Relative to a normal Benko,
Radjabov has a beautiful position. He has everything he could possibly want!}
19. f3 Qd3 20. Rfc1 Qxc2 (20... Nxf3+ $1 21. gxf3 Qxf3 {is simply crushing.
White cannot defend his king with all his pieces being stuck on the queenside.}
) 21. Rxc2 Nc4 22. a4 Nxb2 23. a5 Nd3 24. Rxb7 Rxb7 25. Ra2 Nb4 26. Ra4 Nd7 27.
Nd1 Na6 28. Kf1 Ne5 29. Nc1 Rb1 30. Ke2 Kf8 31. g4 Nd7 32. g5 Bd4 33. Kd3 Ne5+
34. Kc2 Rb8 35. f4 Nf3 36. Ne2 Nxd2 37. Kxd2 Bg7 38. Ne3 Rb2+ 39. Ke1 Rb1+ 40.
Kf2 Rb2 41. e5 Rd2 42. Kf3 Ke8 43. exd6 exd6 44. Ng3 Kd7 45. Ne4 Rb2 46. Nc4
Rb4 47. Rxb4 cxb4 48. Nexd6 b3 49. Nxf7 b2 50. Nxb2 (50. Nd2 $18) 50... Bxb2
51. Ne5+ {A complex endgame. White has a lot of pawns for that piece, but You
can never underesimate the power of a knight.} Ke7 $4 {This, however, is
completely suicidal. The d-pawn has no value compared to the a-pawn which is
tying down Black's knight.} (51... Bxe5 {is, surpringly, a draw.} 52. fxe5 Ke7
{If White advances either of his pawns on the center they get blockaded, and
he cannot actually bring his king to the queenside.} 53. Ke4 (53. Ke3 Nc5 {and
d4 or d2 are "mined" squares as they fail to a check on b3.}) (53. Ke2 Nc5 54.
Kd1 Na6 55. Kd2 Nb4 $1 56. d6+ Kd7 $1 57. Kc3 Na6 {on the next move Black puts
his king on c6 and there is no way to make progress. Surprising!}) 53... Nc5+)
(51... Ke8 52. Nxg6 Bc3 53. d6 Bxa5 54. Ne5 Nc5 55. g6 Kf8 56. f5 Bd8 {and it
looks to me as if the Pieces should be enough to hold the draw, but Karsten
Mueller will have to come back with his expertise in these kinds of positions
to give an exact evaluation.}) 52. Nxg6+ Kd6 53. Ne5 Bxe5 54. fxe5+ Kxd5 {
simple counting shows that this is an easy win for White.} 55. g6 Ke6 56. Kg4
Nc7 57. Kh5 Kxe5 58. g7 (58. Kh6 {also worked.}) 58... Ne8 59. g8=Q Nf6+ 60.
Kg5 (60. Kg5 Nxg8 61. a6 {and no one is going to stop that a-pawn. This line
that happened in the game shows why 51...Ke7 was such a bad idea; the a5-pawn
had to be eliminated!}) 1-0